000 00767nam a2200193 i 4500
001 27841
003 ES-MaACL
005 20230906153722.0
007 t|
008 030115s1849 sp ||||1| spa d
100 1 _aAzcutia, Manuel (
_d1815-1889)
_924282
245 1 0 _aIsabel de Borbón
_b: poema épico, escrito y dedicado a S.M. la Reina /
_cManuel de Azcutia.
260 _aMadrid :
_b[s.n.],
_c1849 (
_fImp. de la Publicidad, a cargo de M. Rivadeneyra)
300 _a284 p. ;
_c23 cm.
530 _aDisponible en formato digital.
600 1 4 _aIsabel
_bII
_cReina de España-
_vPoesías.
_9164359
852 _aES-MaACL
_jT-930-F-2
_z.- Donat. Biblioteca de Palacio
856 _uhttp://bdh-rd.bne.es/viewer.vm?id=0000051085&page=1
_zBiblioteca Digital Hispánica
999 _c27841
_d27841